000 00287nam a22001097a 4500
999 _c4187
_d4187
008 250123b ||||| |||| 00| 0 eng d
020 _a9780448479071
082 _a937
100 _aJIM O'CONNOR
_eO'CONNOR,JIM
245 _aWHAT WAS POMPEII?
942 _2ddc
_h937 OCO